| 000 | 00545nam a2200169 4500 | ||
|---|---|---|---|
| 001 | 131699 | ||
| 003 | ES-MaACL | ||
| 005 | 20230906194029.0 | ||
| 007 | t| | ||
| 008 | 070214s1942 sp r ||||1| spa d | ||
| 100 | 1 |
_aRodríguez del Castillo, Jesús. _998485 |
|
| 245 | 1 | 0 |
_aPatología del aparato digestivo / _cJesús Rodríguez del Castillo ; prólogo de René A. Gutmann. |
| 260 |
_a[s.l.] : _b[s.n.], _c1942. |
||
| 300 |
_a1030 p., 6 lám. : _bil. ; _c25 cm. |
||
| 700 | 1 |
_aGutmann, René A. _961245 |
|
| 852 |
_aES-MaACL _jC-4061 _bR.22269 |
||
| 999 |
_c131699 _d131699 |
||